Imunológia pre verejné zdravotníctvo a iné odbory imunitný systém a chronické neprenosné ochorenia

Bibliographic Details
Main Author: Horváthová, Mira (Author)
Format: Software eBook
Language:Slovak
PhysicalDescription:1 elektronický optický disk (CD-ROM) fareb. 12 cm
Published: Bratislava Slovenská zdravotnícka univerzita, Lekárska fakulta 2014
ISBN:9788089702084
Edition:Vyd.: 1.
Subjects:

MARC

LEADER 00000nam a2200000 a 4500
001 vtls010641599
003 SK-MaSNL
005 20260301090833.0
007 co cg auuua
008 240314s2014 xo | fsp 000 0 slo
015 |a SNBS2015 
020 |a 9788089702084  |q (elektronická kniha) 
040 |a SNK  |b slo  |c SNK  |e AACR2 
041 0 |a slo 
044 |a xo  |c SK 
072 7 |a 616  |x Patológia. Klinická medicína  |2 konspekt 
080 |a 616-097-092.19+577.27  |2 2001 
080 |a 612.017  |2 2001 
080 |a 616-092.19  |2 2001 
080 |a 616-036.1  |2 2001 
080 |a (0.034.44)  |2 2001 
080 |a (075.8)  |2 2001 
100 1 |a Horváthová, Mira  |4 aut  |9 419227 
245 1 0 |a Imunológia pre verejné zdravotníctvo a iné odbory  |h elektronický zdroj  |b imunitný systém a chronické neprenosné ochorenia  |c Mira Horváthová 
250 |a Vyd.: 1. 
260 |a Bratislava  |b Slovenská zdravotnícka univerzita, Lekárska fakulta  |c 2014 
300 |a 1 elektronický optický disk (CD-ROM)  |b fareb.  |c 12 cm 
500 |a Názov z titulnej obrazovky 
504 |a Bibliogr. odkazy 
516 |a Textový dokument (učebnice), súbor vo formáte pdf 
538 |a Technické požiadavky: PDF prehliadač 
650 0 7 |a imunológia  |2 SNKPH  |9 51082 
650 0 7 |a imunita (medicína)  |2 SNKPH  |9 1762 
650 0 7 |a imunitný systém  |2 SNKPH  |9 69735 
650 0 7 |a chronické choroby  |2 SNKPH  |9 84667 
650 0 7 |a Immunity (medicine)  |2 SNKPHeng  |9 419228 
650 0 7 |a Immune system  |2 SNKPHeng  |9 316166 
650 0 7 |a Immunology  |2 SNKPHeng  |9 270715 
650 0 7 |a Chronic diseases  |2 SNKPHeng  |9 313947 
655 7 |a elektronické zdroje  |2 SNKPH  |9 90954 
655 7 |a CD-ROM  |2 SNKPH  |9 70236 
655 7 |a učebnice vysokých škôl  |2 SNKPH  |9 70191 
655 7 |a Electronic resources  |2 SNKPHeng  |9 175546 
655 7 |a Textbooks (higher)  |2 SNKPHeng  |9 276436 
919 |a 978-80-89702-08-4 
958 |a NB 
958 |a MI 
999 |c 669367  |d 671297 
952 |a SNK  |b SNK  |y PREZ  |7 0  |p 17A1132816  |o snkSCDM 6932  |i snk2014/27213  |8 0  |0 0  |1 0  |4 0  |d 2014-12-08  |l 0  |r 2026-02-23 19:22:04  |w 2026-02-23